00193 a2200085 4500001000700000040003500007100002200042240002400064245001900088147003 cEscola São Tomás de Aquino aPENNART, Geoffroy10aO lobo voltou!lpor10aO lobo voltou!